[Event "Madrid San Viator op-B 29th"]
[Site "Madrid"]
[Date "2017.11.12"]
[Round "9"]
[White "Fernandez Rodriguez, Alberto"]
[Black "Franco Rincon, David"]
[Result "0-1"]
[WhiteElo "1520"]
[BlackElo "1686"]
[PlyCount "54"]
[EventDate "2017.09.17"]
[EventType "swiss"]
[EventRounds "9"]
[EventCountry "ESP"]
[SourceTitle "EXT 2019"]
[Source "ChessBase"]
[SourceDate "2018.10.10"]
[SourceVersion "1"]
[SourceVersionDate "2018.10.10"]
[SourceQuality "1"]

1. d4 d5 2. e3 Nf6 3. Nf3 Bf5 4. Nbd2 e6 5. a3 c5 6. c4 Nbd7 7. h3 Bd6 8. Nh4 Bg6 9. Nxg6 hxg6 10. Nf3 a6 11. Bd3 Qc7 12. b3 cxd4 13. Nxd4 Ne5 14. Be2 dxc4 15. f4 Nd3+ 16. Bxd3 cxd3 17. Qxd3 Rd8 18. 0-0 0-0 19. Bb2 Nh5 20. Rac1 Qb8 21. Qc3 e5 22. Nf3 Rc8 23. Qd2 Rxc1 24. Rxc1 exf4 25. Rd1 Bc5 26. Kh1 fxe3 27. Qc3 Ng3+ 0-1

[Event "Madrid San Viator op-B 29th"]
[Site "Madrid"]
[Date "2017.09.24"]
[Round "2"]
[White "Fernandez Rodriguez, Alberto"]
[Black "Otero Gumiel, Monica"]
[Result "1-0"]
[WhiteElo "1520"]
[BlackElo "1041"]
[PlyCount "159"]
[EventDate "2017.09.17"]
[EventType "swiss"]
[EventRounds "9"]
[EventCountry "ESP"]
[SourceTitle "EXT 2019"]
[Source "ChessBase"]
[SourceDate "2018.10.10"]
[SourceVersion "1"]
[SourceVersionDate "2018.10.10"]
[SourceQuality "1"]

1. c4 e5 2. g3 Nf6 3. Bg2 d6 4. d3 h6 5. Nc3 Nc6 6. Nf3 Be6 7. 0-0 Be7 8. a3 a5 9. b3 d5 10. Qc2 dxc4 11. dxc4 0-0 12. Rd1 Qe8 13. Bb2 Rd8 14. Ne4 Rxd1+ 15. Rxd1 Qc8 16. Nxf6+ Bxf6 17. Nd2 Rd8 18. Ne4 Rxd1+ 19. Qxd1 Bf5 20. Nxf6+ gxf6 21. Bc1 Kg7 22. Be3 Ne7 23. Qd2 b6 24. Bxh6+ Kh7 25. Be3 Bg6 26. Qc3 Nf5 27. Be4 Qd7 28. Qd3 Qxd3 29. Bxd3 Nxe3 30. Bxg6+ Kxg6 31. fxe3 Kf5 32. Kf2 Kg4 33. Kg2 c5 34. h3+ Kf5 35. Kf3 e4+ 36. Kg2 Kg5 37. Kf2 f5 38. Ke1 Kf6 39. Kd2 Ke5 40. Kc3 Ke6 41. b4 a4 42. b5 Kf6 43. Kd2 Kg5 44. Ke1 Kh5 45. Kf2 Kg5 46. Kg2 f6 47. h4+ Kg4 48. Kh2 Kh5 49. Kh3 Kg6 50. g4 fxg4+ 51. Kxg4 f5+ 52. Kf4 Kf6 53. h5 Ke6 54. h6 Kf6 55. h7 Kg7 56. h8Q+ Kxh8 57. Kxf5 Kg7 58. Kxe4 Kf6 59. Kd5 Kf5 60. Kc6 Ke4 61. Kxb6 Kxe3 62. Kxc5 Kxe2 63. b6 Kd3 64. Kb4 Kd4 65. b7 Ke5 66. b8Q+ Ke6 67. Qd8 Kf5 68. Qe8 Kf4 69. Kc5 Kf5 70. Kd6 Kf4 71. Kd5 Kf3 72. Kd4 Kf2 73. Kd3 Kf3 74. Qf8+ Kg4 75. Ke3 Kg5 76. Ke4 Kg6 77. Ke5 Kg5 78. Qg8+ Kh4 79. Kf4 Kh3 80. Qg3# 1-0

[Event "Madrid San Viator op-B 27th"]
[Site "Madrid"]
[Date "2016.10.16"]
[Round "5"]
[White "Fernandez Rodriguez, Alberto"]
[Black "Mateos Cordero, Francisco"]
[Result "0-1"]
[WhiteElo "1509"]
[BlackElo "1637"]
[PlyCount "55"]
[EventDate "2016.09.25"]
[EventType "swiss"]
[EventRounds "9"]
[EventCountry "ESP"]
[SourceTitle "EXT 2017"]
[Source "ChessBase"]
[SourceDate "2016.10.25"]
[SourceVersion "1"]
[SourceVersionDate "2016.10.25"]
[SourceQuality "1"]

1. d4 d5 2. e3 Nf6 3. Nf3 g6 4. Bd3 Bg7 5. 0-0 0-0 6. Nbd2 Re8 7. Ne5 Nbd7 8. f4 c5 9. b3 cxd4 10. exd4 Qc7 11. Bb2 Nb6 12. f5 g5 13. Ng4 Nbd7 14. Nxf6+ Nxf6 15. Nf3 Ng4 16. Ne5 Ne3 17. Qh5 Bxe5 18. f6 Bxh2+ 19. Kh1 exf6 20. Qxh7+ Kf8 21. Ba3+ Bd6 22. Bxd6+ Qxd6 23. Rfe1 Ke7 24. Rxe3+ Be6 25. Kg1 Rh8 26. Rxe6+ Qxe6 27. Qf5 Qe3+ 28. Qf2 0-1

[Event "Madrid San Viator op-B 27th"]
[Site "Madrid"]
[Date "2016.10.09"]
[Round "3"]
[White "Pastor Martinez, Diego"]
[Black "Fernandez Rodriguez, Alberto"]
[Result "0-1"]
[WhiteElo "1251"]
[BlackElo "1509"]
[PlyCount "118"]
[EventDate "2016.09.25"]
[EventType "swiss"]
[EventRounds "9"]
[EventCountry "ESP"]
[SourceTitle "EXT 2017"]
[Source "ChessBase"]
[SourceDate "2016.10.25"]
[SourceVersion "1"]
[SourceVersionDate "2016.10.25"]
[SourceQuality "1"]

1. e4 d6 2. d4 Nf6 3. Nc3 g6 4. g3 Bg7 5. Nf3 0-0 6. Bg2 Na6 7. a3 c5 8. dxc5 Nxc5 9. 0-0 Ncxe4 10. Nxe4 Nxe4 11. Re1 Nc5 12. c3 Bg4 13. Be3 Qc7 14. Rc1 Rac8 15. Bxc5 dxc5 16. h3 Bxf3 17. Bxf3 b6 18. Qe2 e6 19. Red1 Rcd8 20. Re1 Rd6 21. Qc2 Rfd8 22. Qb1 Rd2 23. Rc2 R8d6 24. Rxd2 Rxd2 25. Re2 Rxe2 26. Bxe2 Qd7 27. Kg2 Bh6 28. Qc2 Qd2 29. Qxd2 Bxd2 30. Bc4 Bc1 31. b4 Bxa3 32. bxc5 Bxc5 33. Kf3 a5 34. Bb5 Kg7 35. Ke2 f5 36. f3 Bd6 37. g4 fxg4 38. fxg4 g5 39. Kd3 Kf6 40. Ke4 h6 41. c4 Ke7 42. Ba4 Bc7 43. Bb5 Kd6 44. Kd4 Bd8 45. Ba6 Bf6+ 46. Ke4 a4 47. c5+ Kxc5 48. Bd3 a3 49. Bb1 b5 50. Kd3 b4 51. Kc2 Bc3 52. Ba2 e5 53. Kb3 Kd4 54. Bb1 Ke3 55. Kc4 Kf3 56. Kd5 Kg3 57. Ke6 Kxh3 58. Kf5 b3 59. Bd3 a2 0-1

[Event "Madrid San Viator op 20th"]
[Site "Madrid"]
[Date "2013.05.19"]
[Round "6"]
[White "Di Pietro Moreno, Fatima"]
[Black "Fernandez Rodriguez, Alberto"]
[Result "1-0"]
[WhiteElo "1287"]
[BlackElo "1462"]
[PlyCount "89"]
[EventDate "2013.04.07"]
[EventType "swiss"]
[EventRounds "9"]
[EventCountry "ESP"]
[SourceTitle "EXT 2014"]
[Source "ChessBase"]
[SourceDate "2013.11.20"]
[SourceVersion "1"]
[SourceVersionDate "2013.11.20"]
[SourceQuality "1"]

1. e4 c5 2. Nf3 d6 3. d4 cxd4 4. Nxd4 Nf6 5. Nc3 a6 6. Be3 g6 7. f3 Bg7 8. Qd2 0-0 9. g4 h5 10. gxh5 Nxh5 11. 0-0-0 Nd7 12. Rg1 b5 13. Kb1 Bb7 14. Bh6 Ne5 15. Bxg7 Nxg7 16. f4 Nc6 17. f5 Nxd4 18. Qxd4 Qe8 19. fxg6 fxg6 20. Bd3 Rf6 21. Nd5 Bxd5 22. exd5 e5 23. dxe6 Qxe6 24. Bxg6 Raf8 25. Bd3 Qh3 26. c4 Rf4 27. Qd5+ Kh8 28. cxb5 axb5 29. Qxd6 Rf2 30. Bxb5 Qxh2 31. Qxh2+ Rxh2 32. Rh1 Rff2 33. Rxh2+ Rxh2 34. Rd8+ Kh7 35. Bd3+ Nf5 36. Bxf5+ Kg7 37. b4 Kf6 38. Be4 Ke7 39. Rd4 Rh4 40. Kb2 Kf6 41. Rc4 Ke5 42. b5 Rh8 43. b6 Rb8 44. b7 Kd6 45. Rc8 1-0